Impost sobre la xifra de negocis / Generalitat de Catalunya, Departament de Finances
Descripción Física:
96 p. ; 24'5 cm
MARC
| LEADER | 00000nam a2200000Ia 4500 | ||
|---|---|---|---|
| 001 | 8119 | ||
| 008 | 160829s1937 xx 000 0 cat d | ||
| 080 | |a M-1-241 | ||
| 110 | 1 | |a Catalunya. |b Departament de Finances |9 52959 | |
| 245 | |a Impost sobre la xifra de negocis / Generalitat de Catalunya, Departament de Finances | ||
| 260 | |a Barcelona : |b (Casa d'Assistència President Macià, impremta), |c 1937 | ||
| 300 | |a 96 p. ; |c 24'5 cm | ||
| 650 | |a Llicències fiscals |x Catalunya |9 31645 | ||
| 650 | 0 | |a Finances públiques |z Catalunya |9 12120 | |
| 901 | |a Arxiu | ||
| 942 | |n 1 | ||
| 952 | |0 0 |1 0 |4 0 |6 M1241 |7 1 |9 45706 |a Arxiu |b Arxiu |d 2016-12-01 |l 0 |o M-1-241 |p 8119 |r 2016-12-01 00:00:00 |w 2016-12-01 |y ARXIU | ||
| 999 | |c 49206 |d 49206 | ||